Spolupráca štátov EÚ v oblasti správy daní diplomová práca

Salvato in:
Dettagli Bibliografici
Autore principale: Červenková, Lucia
Ente Autore: Národohospodárska fakulta EU. Katedra financií
Altri autori: Schultzová, Anna
Natura: Libro
Lingua:slovacco
Pubblicazione: Bratislava 2009
Tags: Aggiungi Tag
Nessun Tag, puoi essere il primo ad aggiungerne!!

MARC

LEADER 00000nam$a2200000$$$4500
001 0096559
005 20240318141516.9
041 0 |a slo 
044 |a SK 
245 1 0 |a Spolupráca štátov EÚ v oblasti správy daní  |b diplomová práca  |c Lucia Červenková ; škol. Anna Schultzová 
264 1 |a Bratislava  |c 2009 
300 |a 68 s. 
100 1 |a Červenková, Lucia 
700 1 |a Schultzová, Anna 
710 2 |a Národohospodárska fakulta EU. Katedra financií